000 00316nam a2200133Ia 4500
008 231228s1999 xx 000 0 und d
041 _aeng
082 _a005.4`3
_bJIM
100 _aJIM (Parker)
245 _aLinux Unleashed
250 _a1st
260 _aNew Delhi
_bTechmedia New Delhi
_c1999
300 _a1114
999 _c1087403
_d1087403